Literature and language teaching

Wedi'i Gadw mewn:
Manylion Llyfryddiaeth
Prif Awduron: Brumfit, Christopher (Awdur), Carter, Ronald (Awdur)
Fformat: Llyfr
Iaith:Saesneg
Cyhoeddwyd: Oxford Oxford University 1986
Cyfres:Oxford English
Pynciau:
Tagiau: Ychwanegu Tag
Dim Tagiau, Byddwch y cyntaf i dagio'r cofnod hwn!

MARC

LEADER 00000nam a2200000 a 4500
001 UCL0628
003 CL-VaPUC
008 030728e19860000UK |||||||||||||||||eng|d
020 |a 0194370828 
082 0 4 |a 407.19  |b BRU  |2 21 
100 |a Brumfit, Christopher  |e author  |9 392984 
700 0 |a Carter, Ronald  |e author  |9 477302 
245 1 0 |a Literature and language teaching 
300 |a 289 p 
942 |c BK 
945 |d 20030728 00:00:00  |a cmena 
260 |a Oxford  |b Oxford University  |c 1986 
650 0 |a Filología   |9 321245 
650 0 |a Educación lingüística  |9 306506 
650 0 |a Métodos de enseñanza  |9 270413 
583 |a last modification  |c 20030728 00:00:00  |k Rodrigo Vera 
490 0 |a Oxford English 
999 |c 304443  |d 304441 
952 |0 0  |1 0  |4 0  |6 407_190000000000000_BRU_1986  |7 0  |8 A  |9 366738  |a FDOPOS  |b FDOPOS  |d 2019-11-21  |i 3925021  |o 407.19 BRU 1986  |p 3925021  |r 2025-01-22  |w 2019-11-21  |y BK  |k MLA